Lyrics from Arabia /

محفوظ في:

مؤلفون آخرون: Quṣaybī, Ghāzī ʻAbd al-Raḥmān.

التنسيق: كتاب

اللغة: English
Arabic

منشور في: Washington, DC : Three Continents Press, 1983.

الطبعة: First Edition.

الموضوعات:

الوسوم: إضافة وسم

لا توجد وسوم, كن أول من يضع وسما على هذه التسجيلة!

رقم الطلب: PJ7694 .E3 L97 1983x

LEADER 01266nam a2200349 a 4500
001 179
003 OSt
005 20200909062514.0
008 130303s1983 dcu g 000 0 eng d
952 |0 0  |1 0  |2 lcc  |4 0  |6 PJ7694 E3 L97 01983X  |7 1  |9 5797  |a ARCE  |b ARCE  |d 2020-09-09  |l 0  |o PJ7694 .E3 L97 1983x  |p 1039276  |r 2020-09-09 00:00:00  |w 2020-09-09  |y BK 
999 |c 9888  |d 9888 
010 |a 82074255 /NE 
020 |a 0894103806 (pbk.) 
035 |a rdb01559835 
040 |c ARCE Library 
041 0 |a eng  |a ara 
050 0 4 |a PJ7694 .E3 L97 1983x 
130 0 |a Qawāfī al-Jazīrah.  |l English & Arabic. 
245 1 0 |a Lyrics from Arabia /  |c compiled, edited, and translated by Ghazi A. Algosaibi = [Qawāfī al-Jazīrah / ikhtiyār wa-tarjamat Ghāzī ʻAbd al-Raḥmān al-Quṣaybī] 
246 3 1 |a Qawāfī al-Jazīrah 
250 |a First Edition. 
264 1 |a Washington, DC :  |b Three Continents Press,  |c 1983. 
300 |a 108 pages ;  |c 22 cm. 
336 |a text  |b txt  |2 rdacontent 
337 |a unmediated  |b n  |2 rdamedia 
338 |a volume  |b nc  |2 rdacarrier 
546 |a Arabic and English. 
650 0 |a Arabic poetry  |z Arabian Peninsula. 
700 1 |a Quṣaybī, Ghāzī ʻAbd al-Raḥmān.  |9 38039 
901 |a reviewed 
942 |c BK  |2 lcc 
945 |a PJ7694 .E3 L97 1983x